| 000 | 00862 a2200241 4500 | ||
|---|---|---|---|
| 999 |
_c7251 _d7251 |
||
| 020 | _a9780817356224 (paper : alk. paper) | ||
| 050 | 0 | 0 | _aCC175 ARC 2010 |
| 245 | 0 | 0 |
_aArchaeologists as activists : _bcan archaeologists change the world? / _cedited by M. Jay Stottman. |
| 264 |
_aAlabama: _bUniversity of Alabama Press, _c2010 |
||
| 300 |
_aviii, 207 p. : _bill., maps ; |
||
| 500 | _aIncludes index | ||
| 504 | _aIncludes bibliographical references (p. [159]-199) and index. | ||
| 650 | 0 |
_aArchaeology _xPolitical aspects. |
|
| 650 | 0 |
_aArchaeology _xSocial aspects. |
|
| 650 | 0 |
_aArchaeology _xResearch. |
|
| 650 | 0 |
_aArchaeologists _xPolitical activity. |
|
| 650 | 0 | _aPolitical activists. | |
| 650 | 0 | _aSocial change. | |
| 650 | 0 | _aCommunity life. | |
| 650 | 0 |
_aArchaeology _xPhilosophy. |
|
| 700 | 1 | _aStottman, M. Jay. | |
| 942 |
_2lcc _cBK _h175 _iARC _kCC |
||